Statistics for UNESCO National Parks in South America

Click here to take the quiz!

General Stats

  • This quiz has been taken 5 times
  • The average score is 4 of 13

Answer Stats

Country Answer % Correct
VenezuelaCanaima
60%
PeruManu
60%
BrazilIguaƧu
60%
ArgentinaIguazu
60%
ArgentinaLos Glaciares
60%
PeruHuascaran
40%
PeruRio Abiseo
40%
EcuadorSangay
40%
ColombiaLos Catios
0%
BoliviaNoel Kempff Mercado
0%
BrazilChapada dos Veadiros/Emas
0%
BrazilSerra de Capivara
0%
ArgentinaIschigualasto/Talampaya
0%

Score Distribution

Percentile by Number Answered

Percent of People with Each Score

Your Score History

You have not taken this quiz